Central Library OPAC University of Rajshahi

Physics / (Record no. 52253)

MARC details
000 -LEADER
fixed length control field 00647nam a2200229 a 4500
001 - CONTROL NUMBER
control field 52253
003 - CONTROL NUMBER IDENTIFIER
rucl marc code BD-RjUL
005 - DATE AND TIME OF LATEST TRANSACTION
control field 20211209075756.0
008 - FIXED-LENGTH DATA ELEMENTS--GENERAL INFORMATION
fixed length control field 160907s1969 ne ad||| |||| 001 0 eng d
035 ## - SYSTEM CONTROL NUMBER
System control number (BD-RjUL)52373
040 ## - CATALOGING SOURCE
Original cataloging agency BD-RjUL
Language of cataloging eng
Transcribing agency BD-RjUL
041 ## - LANGUAGE CODE
Language code of text/sound track or separate title eng
082 ## - DEWEY DECIMAL CLASSIFICATION NUMBER
Edition number 23
Classification number 530
Author mark and year GEP 1969
100 ## - MAIN ENTRY--PERSONAL NAME
Personal name Genzer, Irwin
9 (RLIN) 156304
245 ## - TITLE STATEMENT
Title Physics /
Statement of responsibility, etc. Irwin Genzer ; Philip Youngner
260 ## - PUBLICATION, DISTRIBUTION, ETC. (IMPRINT)
Place of publication, distribution, etc. Morristown, N.J. :
Name of publisher, distributor, etc. Silver Burdett Co.,
Date of publication, distribution, etc. ©1969
300 ## - PHYSICAL DESCRIPTION
Pagination v, 762 p. :
Illustrations ill. ;
Size 24 cm.
500 ## - GENERAL NOTE
General note Includes index
650 ## - SUBJECT ADDED ENTRY--TOPICAL TERM
Topical term or geographic name as entry element Physics
9 (RLIN) 156305
700 ## - ADDED ENTRY--PERSONAL NAME
Personal name Youngner, Philip, joint author
942 ## - ADDED ENTRY ELEMENTS (KOHA)
Source of classification or shelving scheme Dewey Decimal Classification
Koha item type Books
Holdings
Lost status Source of classification or shelving scheme Damaged status Not for loan Collection code Permanent Location Current Location Shelving location Date acquired Total Checkouts Full call number Date last seen Copy number Koha item type
  Dewey Decimal Classification     Non-fiction Central Library, University of Rajshahi Central Library, University of Rajshahi   18/11/1985   530 GEP 1969 07/09/2016 C-2 Books
  Dewey Decimal Classification     Non-fiction Central Library, University of Rajshahi Central Library, University of Rajshahi   26/12/1985   530 GEP 1969 07/09/2016 C-3 Books